Snow white and the seven dwarfs [
| Format: | Book |
|---|---|
| Published: |
Singapore :
The Walt Disney Company ,
1993
|
| Subjects: |
MARC
| LEADER | 00000cam a2200000 7i4500 | ||
|---|---|---|---|
| 001 | 0000002376 | ||
| 002 | 000002586 | ||
| 005 | 20000330.0 | ||
| 020 | |a T000000257 | ||
| 090 | 0 | 0 | |a JF |b SNO |
| 245 | 0 | 0 | |a Snow white and the seven dwarfs [ |h soundcassette] |
| 260 | |a Singapore : |b The Walt Disney Company , |c 1993 | ||
| 300 | |a 1 soundcassette |e 1 book | ||
| 650 | 0 | 0 | |a Children's stories |
| 999 | |a 00141 |b KASET |c PINJAMAN |e PERPUSTAKAAN KOMUNITI PETALING JAYA | ||